[Event "Nordic Youth Chess Championship"]
[Site "?"]
[Date "2020.02.16"]
[Round "4.1"]
[White "Lund, Gunnar"]
[Black "Freyr Heimisson, Hilmir"]
[Result "0-1"]
[BlackElo "2250"]
[WhiteElo "2288"]
[LiveChessVersion "1.4.8"]

1. d4 {[%clk 1:30:23]} Nf6 {[%clk 1:30:41]} 2. Nc3 {[%clk 1:30:47]} d5
{[%clk 1:31:04]} 3. Bf4 {[%clk 1:31:12]} c5 {[%clk 1:31:30]} 4. e3
{[%clk 1:30:00]} cxd4 {[%clk 1:31:53]} 5. exd4 {[%clk 1:29:30]} a6
{[%clk 1:32:18]} 6. Nf3 {[%clk 1:26:08]} Nc6 {[%clk 1:22:42]} 7. Be2
{[%clk 1:25:36]} Bf5 {[%clk 1:23:01]} 8. O-O {[%clk 1:23:11]} Rc8
{[%clk 1:20:58]} 9. Nh4 {[%clk 1:14:26]} Bg6 {[%clk 1:16:41]} 10. Bf3
{[%clk 1:11:28]} e6 {[%clk 1:16:34]} 11. Nxg6 {[%clk 1:11:02]} hxg6
{[%clk 1:17:02]} 12. Ne2 {[%clk 1:08:31]} Bd6 {[%clk 1:16:12]} 13. c3
{[%clk 1:05:33]} g5 {[%clk 1:03:45]} 14. Bxd6 {[%clk 1:04:10]} Qxd6
{[%clk 1:04:10]} 15. g3 {[%clk 0:56:45]} b5 {[%clk 1:02:19]} 16. a3
{[%clk 0:53:18]} Na5 {[%clk 0:58:57]} 17. Nc1 {[%clk 0:52:43]} Nc4
{[%clk 0:45:58]} 18. Nd3 {[%clk 0:50:53]} a5 {[%clk 0:45:46]} 19. Qe2
{[%clk 0:50:35]} O-O {[%clk 0:38:07]} 20. Rfe1 {[%clk 0:49:35]} g6
{[%clk 0:36:04]} 21. Bg2 {[%clk 0:45:21]} Rfe8 {[%clk 0:30:46]} 22. Qc2
{[%clk 0:39:47]} Kg7 {[%clk 0:29:19]} 23. Qc1 {[%clk 0:37:08]} g4
{[%clk 0:29:00]} 24. Ne5 {[%clk 0:15:42]} Rh8 {[%clk 0:26:14]} 25. b3
{[%clk 0:09:06]} Nb6 {[%clk 0:26:11]} 26. f3 {[%clk 0:06:46]} gxf3
{[%clk 0:22:54]} 27. Bxf3 {[%clk 0:07:08]} Nfd7 {[%clk 0:21:52]} 28. Qe3
{[%clk 0:03:25]} Nxe5 {[%clk 0:22:01]} 29. dxe5 {[%clk 0:03:49]} Qc5
{[%clk 0:22:27]} 30. Rac1 {[%clk 0:03:36]} Nd7 {[%clk 0:22:13]} 31. b4
{[%clk 0:02:46]} Qxe3+ {[%clk 0:21:08]} 32. Rxe3 {[%clk 0:03:14]} axb4
{[%clk 0:21:31]} 33. axb4 {[%clk 0:03:38]} d4 {[%clk 0:21:55]} 34. Ree1
{[%clk 0:03:31]} dxc3 {[%clk 0:22:04]} 35. Be2 {[%clk 0:01:11]} Nxe5
{[%clk 0:21:20]} 36. Kg2 {[%clk 0:01:39]} Rhd8 {[%clk 0:05:56]} 37. Bxb5
{[%clk 0:02:02]} Rd2+ {[%clk 0:05:55]} 38. Re2 {[%clk 0:02:06]} Ng4
{[%clk 0:05:42]} 39. h3 {[%clk 0:01:26]} Ne3+ {[%clk 0:05:43]} 40. Kf3
{[%clk 0:01:26]} Nd5 {[%clk 0:05:48]} 41. Re4 {[%clk 0:00:35]} c2
{[%clk 0:05:00]} 42. Re2 {[%clk 0:00:40]} Rc3+ {[%clk 0:05:24]} 43. Kf2
{[%clk 0:01:01]} Rxe2+ {[%clk 0:05:39]} 0-1

[Event "Nordic Youth Chess Championship"]
[Site "?"]
[Date "2020.02.16"]
[Round "4.2"]
[White "Kistrup, Nicolai"]
[Black "Storme, Isak"]
[Result "0-1"]
[BlackElo "2314"]
[WhiteElo "2194"]
[LiveChessVersion "1.4.8"]

1. d4 {[%clk 1:30:45]} Nf6 {[%clk 1:30:42]} 2. c4 {[%clk 1:31:01]} e6
{[%clk 1:31:06]} 3. Nf3 {[%clk 1:31:16]} d5 {[%clk 1:31:26]} 4. g3
{[%clk 1:31:22]} Be7 {[%clk 1:31:51]} 5. Bg2 {[%clk 1:31:47]} O-O
{[%clk 1:32:16]} 6. O-O {[%clk 1:32:10]} dxc4 {[%clk 1:32:41]} 7. Qc2
{[%clk 1:30:06]} b6 {[%clk 1:32:14]} 8. Bg5 {[%clk 1:27:13]} Nd5 {[%clk 1:31:44]}
9. Bxe7 {[%clk 1:25:22]} Qxe7 {[%clk 1:32:06]} 10. Nbd2 {[%clk 1:14:51]} b5
{[%clk 1:26:47]} 11. b3 {[%clk 1:10:18]} c3 {[%clk 1:17:37]} 12. Nb1
{[%clk 1:01:14]} b4 {[%clk 1:09:37]} 13. a3 {[%clk 0:49:49]} Nc6 {[%clk 1:07:26]}
14. e4 {[%clk 0:39:01]} Nf6 {[%clk 1:07:38]} 15. Re1 {[%clk 0:38:40]} Bb7
{[%clk 1:06:53]} 16. axb4 {[%clk 0:23:28]} Nxb4 {[%clk 1:04:58]} 17. Qxc3
{[%clk 0:22:12]} Nxe4 {[%clk 1:04:58]} 18. Qc4 {[%clk 0:20:44]} a5
{[%clk 0:46:27]} 19. Ne5 {[%clk 0:06:54]} Bd5 {[%clk 0:44:16]} 20. Qe2
{[%clk 0:05:39]} Nf6 {[%clk 0:44:15]} 21. Nc3 {[%clk 0:04:46]} Bxg2
{[%clk 0:44:18]} 22. Kxg2 {[%clk 0:05:08]} Rfd8 {[%clk 0:43:16]} 23. Qc4
{[%clk 0:01:29]} Qd6 {[%clk 0:36:42]} 24. Nb5 {[%clk 0:00:50]} Qb6
{[%clk 0:36:55]} 25. Rec1 {[%clk 0:00:33]} Nfd5 {[%clk 0:35:25]} 26. Nxc7
{[%clk 0:00:33]} Qb7 {[%clk 0:30:09]} 27. Nxd5 {[%clk 0:00:43]} Nxd5
{[%clk 0:30:19]} 28. Qc6 {[%clk 0:00:34]} Qe7 {[%clk 0:27:12]} 29. Qc5
{[%clk 0:00:39]} Qb7 {[%clk 0:25:19]} 30. Qc6 {[%clk 0:00:51]} Qb4
{[%clk 0:25:11]} 31. Kg1 {[%clk 0:00:34]} Qxd4 {[%clk 0:24:48]} 32. Nc4
{[%clk 0:00:36]} Rac8 {[%clk 0:20:07]} 33. Qa6 {[%clk 0:00:32]} Ra8
{[%clk 0:15:48]} 34. Qc6 {[%clk 0:00:46]} Nb4 {[%clk 0:13:13]} 35. Qb6
{[%clk 0:00:35]} Qxb6 {[%clk 0:11:28]} 36. Nxb6 {[%clk 0:01:01]} Ra6
{[%clk 0:11:47]} 37. Nc4 {[%clk 0:01:03]} Nc6 {[%clk 0:11:57]} 38. Ra4
{[%clk 0:01:06]} Nd4 {[%clk 0:11:32]} 39. Kg2 {[%clk 0:00:32]} Nxb3
{[%clk 0:11:17]} 40. Rb1 {[%clk 0:00:42]} Nc5 {[%clk 0:11:07]} 41. Rxa5
{[%clk 0:01:05]} Rxa5 {[%clk 0:11:32]} 42. Nxa5 {[%clk 0:01:31]} h6
{[%clk 0:10:28]} 43. Rb2 {[%clk 0:01:25]} g5 {[%clk 0:10:41]} 44. Nc4
{[%clk 0:00:46]} Kg7 {[%clk 0:10:43]} 45. h3 {[%clk 0:00:33]} Rd4
{[%clk 0:10:29]} 46. Ne3 {[%clk 0:00:46]} Kg6 {[%clk 0:09:54]} 47. Kf3
{[%clk 0:00:41]} Nd3 {[%clk 0:09:42]} 48. Rb3 {[%clk 0:00:33]} Ne5+
{[%clk 0:09:54]} 49. Kg2 {[%clk 0:00:35]} h5 {[%clk 0:09:29]} 50. Rb5
{[%clk 0:00:50]} Nd3 {[%clk 0:09:23]} 51. Rb8 {[%clk 0:01:01]} Kg7
{[%clk 0:06:10]} 52. Rb5 {[%clk 0:01:21]} Kf6 {[%clk 0:06:07]} 53. Ra5
{[%clk 0:01:13]} Ne5 {[%clk 0:06:00]} 54. Ra8 {[%clk 0:00:56]} Rd2
{[%clk 0:05:34]} 55. Rh8 {[%clk 0:00:38]} Nd3 {[%clk 0:05:18]} 56. Rh6+
{[%clk 0:00:35]} Kg7 {[%clk 0:05:04]} 57. Rxh5 {[%clk 0:00:59]} Rxf2+
{[%clk 0:04:56]} 58. Kg1 {[%clk 0:00:58]} f6 {[%clk 0:04:04]} 59. h4
{[%clk 0:00:39]} Re2 {[%clk 0:03:39]} 60. Ng4 {[%clk 0:00:33]} Re4
{[%clk 0:03:01]} 61. Nh2 {[%clk 0:00:33]} g4 {[%clk 0:02:30]} 62. Ra5
{[%clk 0:00:39]} Re1+ {[%clk 0:02:32]} 63. Nf1 {[%clk 0:00:44]} Re2
{[%clk 0:02:50]} 64. Ra7+ {[%clk 0:00:38]} Kg6 {[%clk 0:03:13]} 65. Rd7
{[%clk 0:00:34]} Ne5 {[%clk 0:03:30]} 66. Rd1 {[%clk 0:00:34]} Nf3+
{[%clk 0:03:51]} 67. Kh1 {[%clk 0:00:58]} Rf2 {[%clk 0:03:55]} 68. Ra1
{[%clk 0:00:50]} e5 {[%clk 0:04:05]} 69. Rd1 {[%clk 0:00:44]} e4 {[%clk 0:04:23]}
70. Ra1 {[%clk 0:00:43]} e3 {[%clk 0:04:23]} 0-1

[Event "Nordic Youth Chess Championship"]
[Site "?"]
[Date "2020.02.16"]
[Round "4.3"]
[White "Orn Birkisson, Bardur"]
[Black "Kristensen, Bjarke Hautop"]
[Result "1/2-1/2"]
[BlackElo "2227"]
[WhiteElo "2186"]
[LiveChessVersion "1.4.8"]

1. d4 {[%clk 1:30:53]} Nf6 {[%clk 1:30:33]} 2. Nf3 {[%clk 1:31:03]} g6
{[%clk 1:30:55]} 3. Bg5 {[%clk 1:31:16]} Bg7 {[%clk 1:31:19]} 4. Nbd2
{[%clk 1:31:30]} O-O {[%clk 1:31:36]} 5. c3 {[%clk 1:31:45]} d6 {[%clk 1:31:52]}
6. e4 {[%clk 1:31:51]} c5 {[%clk 1:32:04]} 7. dxc5 {[%clk 1:32:01]} dxc5
{[%clk 1:32:30]} 8. Bc4 {[%clk 1:32:22]} Nc6 {[%clk 1:32:53]} 9. O-O
{[%clk 1:32:40]} Qc7 {[%clk 1:32:06]} 10. Re1 {[%clk 1:32:57]} h6
{[%clk 1:30:13]} 11. Bxf6 {[%clk 1:31:44]} Bxf6 {[%clk 1:19:20]} 12. Qe2
{[%clk 1:25:09]} Na5 {[%clk 1:09:31]} 13. Bd3 {[%clk 1:09:38]} Be6
{[%clk 1:08:23]} 14. Nc4 {[%clk 1:05:03]} Nc6 {[%clk 0:58:24]} 15. e5
{[%clk 0:50:29]} Bg7 {[%clk 0:58:46]} 16. a4 {[%clk 0:43:23]} a6 {[%clk 0:55:54]}
17. Ncd2 {[%clk 0:38:45]} Na5 {[%clk 0:40:17]} 18. Nc4 {[%clk 0:32:04]} Nc6
{[%clk 0:37:47]} 19. Ncd2 {[%clk 0:31:20]} Na5 {[%clk 0:36:18]} 20. Nc4
{[%clk 0:29:49]} 1/2-1/2

[Event "Nordic Youth Chess Championship"]
[Site "?"]
[Date "2020.02.16"]
[Round "4.4"]
[White "Lahdelma, Henri"]
[Black "Crevatin, Leo"]
[Result "1-0"]
[BlackElo "2219"]
[WhiteElo "2253"]
[LiveChessVersion "1.4.8"]

1. d4 {[%clk 1:30:54]} d5 {[%clk 1:30:28]} 2. c4 {[%clk 1:31:19]} e6
{[%clk 1:30:57]} 3. Nc3 {[%clk 1:31:43]} a6 {[%clk 1:31:25]} 4. cxd5
{[%clk 1:32:06]} exd5 {[%clk 1:31:53]} 5. Bf4 {[%clk 1:32:28]} Nf6
{[%clk 1:32:19]} 6. e3 {[%clk 1:32:52]} Bd6 {[%clk 1:32:43]} 7. Bxd6
{[%clk 1:33:17]} Qxd6 {[%clk 1:33:11]} 8. Bd3 {[%clk 1:33:38]} O-O
{[%clk 1:32:37]} 9. Nge2 {[%clk 1:34:02]} Re8 {[%clk 1:30:09]} 10. Qc2
{[%clk 1:34:13]} h6 {[%clk 1:24:56]} 11. O-O {[%clk 1:34:12]} Be6
{[%clk 1:20:48]} 12. a3 {[%clk 1:28:10]} Nbd7 {[%clk 1:18:13]} 13. b4
{[%clk 1:27:00]} c6 {[%clk 1:17:55]} 14. f3 {[%clk 1:23:23]} a5 {[%clk 1:06:40]}
15. Rab1 {[%clk 1:21:53]} axb4 {[%clk 1:06:00]} 16. axb4 {[%clk 1:22:17]} Rad8
{[%clk 1:01:43]} 17. Rfd1 {[%clk 1:14:05]} Rc8 {[%clk 0:56:59]} 18. Qd2
{[%clk 1:13:40]} Qc7 {[%clk 0:45:24]} 19. h3 {[%clk 0:59:00]} Ra8
{[%clk 0:37:33]} 20. e4 {[%clk 0:55:24]} dxe4 {[%clk 0:35:03]} 21. fxe4
{[%clk 0:55:48]} Qb6 {[%clk 0:34:18]} 22. Kh1 {[%clk 0:55:20]} Ra3
{[%clk 0:34:10]} 23. b5 {[%clk 0:52:23]} Qa5 {[%clk 0:32:31]} 24. Rdc1
{[%clk 0:47:35]} Nb6 {[%clk 0:28:29]} 25. Qf4 {[%clk 0:41:29]} Na4
{[%clk 0:26:11]} 26. Nxa4 {[%clk 0:38:36]} Qxa4 {[%clk 0:26:26]} 27. Bc2
{[%clk 0:37:39]} Qa5 {[%clk 0:18:27]} 28. bxc6 {[%clk 0:31:15]} bxc6
{[%clk 0:18:52]} 29. Rb8 {[%clk 0:29:13]} Ra1 {[%clk 0:16:10]} 30. Bb1
{[%clk 0:26:46]} Qa7 {[%clk 0:15:05]} 31. Rxe8+ {[%clk 0:26:26]} Nxe8
{[%clk 0:15:34]} 32. Qf1 {[%clk 0:25:10]} Qa8 {[%clk 0:13:43]} 33. Nf4
{[%clk 0:23:51]} Ba2 {[%clk 0:13:29]} 34. Bxa2 {[%clk 0:20:59]} Rxa2 35. Nd3
{[%clk 0:20:08]} Nd6 {[%clk 0:10:46]} 36. e5 {[%clk 0:15:44]} Nb5
{[%clk 0:09:50]} 37. Nb4 {[%clk 0:15:57]} Ra4 {[%clk 0:06:29]} 38. Nxc6
{[%clk 0:15:58]} Nxd4 {[%clk 0:06:30]} 39. Ne7+ {[%clk 0:16:08]} Kf8
{[%clk 0:06:38]} 40. Rc8+ {[%clk 0:14:57]} Kxe7 {[%clk 0:07:06]} 41. Rc7+
{[%clk 0:08:49]} Ke6 {[%clk 0:05:34]} 42. Qxf7+ {[%clk 0:09:11]} Kxe5
{[%clk 0:06:01]} 43. Rc5+ {[%clk 0:07:10]} Ke4 {[%clk 0:05:29]} 44. Qg6+
{[%clk 0:07:18]} Ke3 {[%clk 0:04:05]} 45. Rc3+ {[%clk 0:05:36]} Kf4
{[%clk 0:01:21]} 46. Qg4+ {[%clk 0:04:57]} Ke5 {[%clk 0:01:38]} 47. Qxg7+
{[%clk 0:05:18]} Kd5 {[%clk 0:01:16]} 48. Qd7+ {[%clk 0:05:19]} Ke4
{[%clk 0:01:42]} 49. Qe7+ {[%clk 0:05:34]} Kf5 {[%clk 0:01:23]} 50. Rc5+
{[%clk 0:04:28]} Kg6 {[%clk 0:00:57]} 51. Qd6+ {[%clk 0:04:48]} Kg7
{[%clk 0:00:40]} 52. Rc7+ {[%clk 0:05:12]} Kg8 {[%clk 0:01:00]} 53. Qg6+
{[%clk 0:05:36]} Kf8 {[%clk 0:01:27]} 54. Qf7# 1-0

[Event "Nordic Youth Chess Championship"]
[Site "?"]
[Date "2020.02.16"]
[Round "4.5"]
[White "Skaale, Janus"]
[Black "Risting, Eivind Olav"]
[Result "0-1"]
[BlackElo "2306"]
[WhiteElo "1799"]
[LiveChessVersion "1.4.8"]

1. e4 {[%clk 1:30:39]} c5 {[%clk 1:30:46]} 2. Nf3 {[%clk 1:30:51]} Nc6
{[%clk 1:31:09]} 3. d4 {[%clk 1:30:57]} cxd4 {[%clk 1:31:33]} 4. Nxd4
{[%clk 1:31:21]} e5 {[%clk 1:31:22]} 5. Nb5 {[%clk 1:30:54]} d6 {[%clk 1:31:28]}
6. N1c3 {[%clk 1:30:05]} a6 {[%clk 1:30:41]} 7. Na3 {[%clk 1:29:26]} Be6
{[%clk 1:30:57]} 8. Nc4 {[%clk 1:27:04]} b5 {[%clk 1:24:11]} 9. Ne3
{[%clk 1:26:40]} Nf6 {[%clk 1:24:30]} 10. a3 {[%clk 1:16:10]} Be7
{[%clk 1:23:39]} 11. g3 {[%clk 1:15:31]} h5 {[%clk 1:19:39]} 12. Bg2
{[%clk 1:09:43]} h4 {[%clk 1:19:00]} 13. O-O {[%clk 1:07:21]} Nd4
{[%clk 1:18:51]} 14. Ncd5 {[%clk 1:05:05]} Rc8 {[%clk 0:59:42]} 15. c3
{[%clk 1:04:22]} Nc6 {[%clk 0:59:57]} 16. Qe2 {[%clk 0:43:40]} Na5
{[%clk 0:53:53]} 17. a4 {[%clk 0:40:15]} Nxd5 {[%clk 0:42:15]} 18. Nxd5
{[%clk 0:39:09]} hxg3 {[%clk 0:36:13]} 19. hxg3 {[%clk 0:37:49]} Nb3
{[%clk 0:28:53]} 20. Ra3 {[%clk 0:34:23]} Nxc1 {[%clk 0:18:59]} 21. Rxc1
{[%clk 0:33:55]} Bxd5 {[%clk 0:14:11]} 22. exd5 {[%clk 0:34:12]} b4
{[%clk 0:11:40]} 23. Raa1 {[%clk 0:33:55]} Bg5 {[%clk 0:11:25]} 24. Re1
{[%clk 0:31:54]} bxc3 {[%clk 0:09:54]} 25. bxc3 {[%clk 0:32:16]} a5
{[%clk 0:08:22]} 26. Qb5+ {[%clk 0:31:46]} Kf8 {[%clk 0:08:20]} 27. Qd3
{[%clk 0:25:50]} g6 {[%clk 0:07:45]} 28. Rab1 {[%clk 0:25:10]} Qc7
{[%clk 0:07:59]} 29. Rb5 {[%clk 0:21:21]} Kg7 {[%clk 0:07:33]} 30. Reb1
{[%clk 0:20:37]} Bd8 {[%clk 0:04:52]} 31. Rb7 {[%clk 0:12:55]} Qxc3
{[%clk 0:04:04]} 32. Qxc3 {[%clk 0:09:43]} Rxc3 {[%clk 0:04:33]} 33. Rd7
{[%clk 0:10:07]} Ra3 {[%clk 0:02:48]} 34. Rbb7 {[%clk 0:08:30]} Rf8
{[%clk 0:03:12]} 35. Rxd6 {[%clk 0:08:35]} Rxa4 {[%clk 0:03:26]} 36. Rdd7
{[%clk 0:06:51]} Rd4 {[%clk 0:02:49]} 37. Ra7 {[%clk 0:05:49]} Rd2
{[%clk 0:02:44]} 38. Rab7 {[%clk 0:04:31]} a4 {[%clk 0:02:58]} 39. Rb4
{[%clk 0:02:57]} a3 {[%clk 0:03:18]} 40. Ra7 {[%clk 0:02:54]} a2 {[%clk 0:03:13]}
41. Bf1 {[%clk 0:00:41]} e4 {[%clk 0:02:42]} 42. Ra6 {[%clk 0:00:34]} Bf6
{[%clk 0:02:43]} 43. Rba4 {[%clk 0:00:45]} a1=Q {[%clk 0:02:50]} 44. Rxa1
{[%clk 0:01:07]} Bxa1 {[%clk 0:03:17]} 45. Rxa1 {[%clk 0:01:30]} Rxd5
{[%clk 0:03:39]} 46. Kg2 {[%clk 0:00:36]} f5 {[%clk 0:03:53]} 47. Bc4
{[%clk 0:00:52]} Rd2 {[%clk 0:04:04]} 48. Ra7+ {[%clk 0:01:04]} Kh6
{[%clk 0:04:16]} 49. Re7 {[%clk 0:01:04]} Rc8 {[%clk 0:04:39]} 50. Bb3
{[%clk 0:01:20]} Rb8 {[%clk 0:04:55]} 51. Bf7 {[%clk 0:01:36]} Rbb2
{[%clk 0:04:49]} 52. Re6 {[%clk 0:01:48]} Rxf2+ {[%clk 0:05:07]} 53. Kg1
{[%clk 0:02:07]} Rg2+ {[%clk 0:05:28]} 54. Kf1 {[%clk 0:02:26]} Rxg3
{[%clk 0:05:45]} 0-1

[Event "Nordic Youth Chess Championship"]
[Site "?"]
[Date "2020.02.16"]
[Round "4.6"]
[White "Takala, Jaakko"]
[Black "Morkore, Rogvi"]
[Result "1-0"]
[BlackElo "1589"]
[WhiteElo "1686"]
[LiveChessVersion "1.4.8"]

1. e4 {[%clk 1:30:58]} e6 {[%clk 1:30:49]} 2. d4 {[%clk 1:31:25]} d5
{[%clk 1:31:10]} 3. e5 {[%clk 1:31:47]} c5 {[%clk 1:31:29]} 4. c3
{[%clk 1:32:12]} Nc6 {[%clk 1:31:45]} 5. Nf3 {[%clk 1:32:31]} Bd7
{[%clk 1:32:03]} 6. Bd3 {[%clk 1:28:10]} cxd4 {[%clk 1:32:12]} 7. cxd4
{[%clk 1:28:25]} Qb6 {[%clk 1:32:15]} 8. O-O {[%clk 1:22:31]} Nxd4
{[%clk 1:32:05]} 9. Nxd4 {[%clk 1:22:45]} Qxd4 {[%clk 1:32:27]} 10. Nc3
{[%clk 1:22:24]} a6 {[%clk 1:32:32]} 11. Re1 {[%clk 1:21:31]} Qh4
{[%clk 1:14:49]} 12. g3 {[%clk 1:18:24]} Qd8 {[%clk 1:14:59]} 13. Qg4
{[%clk 1:14:50]} h5 {[%clk 1:11:15]} 14. Qf3 {[%clk 1:11:55]} Bb4
{[%clk 0:58:09]} 15. Bd2 {[%clk 0:58:27]} Bc6 {[%clk 0:46:51]} 16. Qe2
{[%clk 0:56:02]} d4 {[%clk 0:33:38]} 17. Ne4 {[%clk 0:55:04]} Bxe4
{[%clk 0:33:53]} 18. Bxb4 {[%clk 0:50:47]} Bxd3 {[%clk 0:30:54]} 19. Qxd3
{[%clk 0:51:00]} Qd5 {[%clk 0:21:50]} 20. Re4 {[%clk 0:48:41]} Rc8
{[%clk 0:03:56]} 21. Rd1 {[%clk 0:44:23]} Rc4 {[%clk 0:01:07]} 22. Rxd4
{[%clk 0:41:46]} Rxd4 {[%clk 0:01:04]} 23. Qxd4 {[%clk 0:42:15]} Qxd4
{[%clk 0:01:27]} 24. Rxd4 {[%clk 0:42:38]} f6 {[%clk 0:00:48]} 25. Rd6
{[%clk 0:41:28]} Kf7 {[%clk 0:00:35]} 26. Rd7+ {[%clk 0:41:26]} Kg6
{[%clk 0:01:00]} 27. exf6 {[%clk 0:40:39]} Nxf6 {[%clk 0:01:13]} 28. Rxb7
{[%clk 0:41:02]} Rc8 {[%clk 0:01:11]} 29. Bc3 {[%clk 0:40:48]} Rc6
{[%clk 0:01:09]} 30. Kg2 {[%clk 0:40:22]} Kh6 {[%clk 0:00:33]} 31. h3
{[%clk 0:39:20]} Kg6 {[%clk 0:00:44]} 32. g4 {[%clk 0:37:45]} hxg4
{[%clk 0:01:07]} 33. hxg4 {[%clk 0:38:07]} Rc4 {[%clk 0:00:34]} 34. f3
{[%clk 0:38:07]} Rc6 {[%clk 0:00:35]} 35. Kg3 {[%clk 0:37:34]} Rd6
{[%clk 0:00:38]} 36. Ra7 {[%clk 0:37:42]} Rd3 {[%clk 0:00:40]} 37. Bxf6
{[%clk 0:35:32]} gxf6 {[%clk 0:01:05]} 38. Rxa6 {[%clk 0:35:47]} e5
{[%clk 0:01:26]} 39. Ra4 {[%clk 0:33:34]} Kg5 {[%clk 0:01:42]} 40. Rb4
{[%clk 0:30:19]} Rd1 {[%clk 0:01:18]} 41. a4 {[%clk 0:29:59]} f5 {[%clk 0:01:22]}
42. gxf5 {[%clk 0:30:03]} Kxf5 {[%clk 0:01:47]} 43. a5 {[%clk 0:29:39]} Ke6
{[%clk 0:01:24]} 44. Rb8 {[%clk 0:26:03]} Ra1 {[%clk 0:01:03]} 45. b4
{[%clk 0:26:05]} Kd7 {[%clk 0:00:40]} 46. Kg4 {[%clk 0:24:24]} Rg1+
{[%clk 0:00:51]} 47. Kf5 {[%clk 0:24:31]} Rf1 {[%clk 0:01:12]} 48. Kxe5
{[%clk 0:24:09]} Rxf3 {[%clk 0:01:34]} 49. a6 {[%clk 0:24:12]} Ra3
{[%clk 0:01:20]} 50. b5 {[%clk 0:24:26]} Kc7 {[%clk 0:01:23]} 51. Rb7+
{[%clk 0:24:39]} Kc8 {[%clk 0:01:39]} 52. Kd6 {[%clk 0:24:50]} Rh3
{[%clk 0:01:04]} 53. Rc7+ {[%clk 0:23:08]} Kb8 {[%clk 0:01:06]} 54. b6
{[%clk 0:18:01]} Rh6+ {[%clk 0:00:56]} 55. Kc5 {[%clk 0:18:11]} Rh8
{[%clk 0:00:36]} 56. Kb5 {[%clk 0:17:49]} Rg8 {[%clk 0:00:33]} 57. a7+
{[%clk 0:17:28]} Ka8 {[%clk 0:00:59]} 58. Ka6 {[%clk 0:17:40]} Rb8
{[%clk 0:01:01]} 59. axb8=Q+ {[%clk 0:17:27]} 1-0

[Event "Nordic Youth Chess Championship"]
[Site "?"]
[Date "2020.02.16"]
[Round "4.7"]
[White "Stefansson, Vignir Vatnar"]
[Black "Vitenberg, Noam Aviv"]
[Result "1/2-1/2"]
[BlackElo "2276"]
[WhiteElo "2323"]
[LiveChessVersion "1.4.8"]

1. d4 {[%clk 1:29:49]} d5 {[%clk 1:30:22]} 2. c4 {[%clk 1:29:44]} e6
{[%clk 1:30:36]} 3. Nc3 Bb4 {[%clk 1:30:20]} 4. e3 {[%clk 1:30:30]} c5
{[%clk 1:30:13]} 5. a3 {[%clk 1:25:13]} Bxc3+ {[%clk 1:30:03]} 6. bxc3 Nc6 7. Nf3
{[%clk 1:25:21]} Nf6 {[%clk 1:29:11]} 8. Bd3 {[%clk 1:25:42]} O-O
{[%clk 1:28:44]} 9. O-O {[%clk 1:26:05]} Qc7 {[%clk 1:26:44]} 10. Qe2
{[%clk 1:25:08]} dxc4 {[%clk 1:22:48]} 11. Bxc4 {[%clk 1:25:31]} e5
{[%clk 1:21:24]} 12. h3 {[%clk 1:08:56]} Bd7 {[%clk 1:16:39]} 13. Bb2
{[%clk 1:04:39]} Rfe8 {[%clk 1:11:44]} 14. Ba2 {[%clk 0:59:32]} Be6
{[%clk 1:03:55]} 15. Bxe6 {[%clk 0:57:52]} Rxe6 {[%clk 1:02:37]} 16. Rfd1
{[%clk 0:53:44]} Rd8 {[%clk 0:57:57]} 17. Qc2 {[%clk 0:36:34]} h6
{[%clk 0:45:02]} 18. dxe5 {[%clk 0:34:47]} Nxe5 {[%clk 0:42:45]} 19. Nxe5
{[%clk 0:35:06]} Rxe5 {[%clk 0:40:33]} 20. c4 {[%clk 0:35:19]} Re6
{[%clk 0:40:43]} 21. Bxf6 {[%clk 0:31:23]} Rxf6 {[%clk 0:38:21]} 22. Rxd8+
{[%clk 0:28:31]} Qxd8 {[%clk 0:38:43]} 23. Rd1 {[%clk 0:28:58]} Rd6
{[%clk 0:36:48]} 24. Rxd6 {[%clk 0:29:23]} Qxd6 {[%clk 0:37:11]} 25. Qa4
{[%clk 0:29:43]} 1/2-1/2

[Event "Nordic Youth Chess Championship"]
[Site "?"]
[Date "2020.02.16"]
[Round "4.8"]
[White "Melaa, Sondre"]
[Black "Torngren, Gustav"]
[Result "1-0"]
[BlackElo "2279"]
[WhiteElo "2180"]
[LiveChessVersion "1.4.8"]

1. d4 {[%clk 1:30:55]} Nf6 {[%clk 1:30:59]} 2. c4 {[%clk 1:31:16]} g6
{[%clk 1:31:26]} 3. g3 {[%clk 1:31:37]} Bg7 {[%clk 1:31:51]} 4. Bg2
{[%clk 1:32:00]} O-O {[%clk 1:32:19]} 5. Nc3 {[%clk 1:32:19]} d6 {[%clk 1:32:49]}
6. Nf3 {[%clk 1:32:40]} Nc6 {[%clk 1:32:48]} 7. O-O {[%clk 1:33:00]} e5
{[%clk 1:33:17]} 8. dxe5 {[%clk 1:33:18]} Nxe5 {[%clk 1:33:46]} 9. b3
{[%clk 1:33:37]} Nfd7 {[%clk 1:17:55]} 10. Bb2 {[%clk 1:30:56]} a5
{[%clk 1:08:18]} 11. Qd2 {[%clk 1:29:13]} a4 {[%clk 0:55:52]} 12. Nxe5
{[%clk 1:21:23]} a3 {[%clk 0:51:44]} 13. Nxd7 {[%clk 1:19:03]} axb2
{[%clk 0:52:11]} 14. Nxf8 {[%clk 1:15:35]} bxa1=R {[%clk 0:52:19]} 15. Rxa1
{[%clk 1:15:22]} Qxf8 {[%clk 0:48:19]} 16. Rc1 {[%clk 1:14:57]} h5
{[%clk 0:39:30]} 17. h4 {[%clk 0:58:19]} Bh6 {[%clk 0:39:57]} 18. e3
{[%clk 0:58:16]} Bg7 {[%clk 0:40:26]} 19. Nd5 {[%clk 0:55:56]} Qd8
{[%clk 0:40:19]} 20. Nf4 {[%clk 0:54:53]} Qe7 {[%clk 0:36:50]} 21. a4
{[%clk 0:51:08]} Ra7 {[%clk 0:31:47]} 22. c5 {[%clk 0:46:56]} dxc5
{[%clk 0:31:05]} 23. Qd5 {[%clk 0:47:02]} c6 {[%clk 0:21:23]} 24. Nxg6
{[%clk 0:38:06]} Qc7 {[%clk 0:21:12]} 25. Qxc5 {[%clk 0:38:00]} Ra5
{[%clk 0:18:02]} 26. Qe7 {[%clk 0:37:25]} Qd7 {[%clk 0:15:30]} 27. Qb4
{[%clk 0:35:01]} 1-0

[Event "Nordic Youth Chess Championship"]
[Site "?"]
[Date "2020.02.16"]
[Round "4.9"]
[White "Briem, Stephan"]
[Black "Stage-Steffensen, Sander"]
[Result "1-0"]
[BlackElo "2105"]
[WhiteElo "2197"]
[LiveChessVersion "1.4.8"]

1. d4 {[%clk 1:30:54]} Nf6 {[%clk 1:30:47]} 2. Nf3 {[%clk 1:31:14]} e6
{[%clk 1:31:10]} 3. e3 {[%clk 1:31:22]} d5 {[%clk 1:31:31]} 4. c4
{[%clk 1:31:45]} Be7 {[%clk 1:31:56]} 5. b3 {[%clk 1:31:34]} O-O {[%clk 1:31:32]}
6. Bb2 {[%clk 1:31:58]} dxc4 {[%clk 1:28:55]} 7. Bxc4 {[%clk 1:28:37]} a6
{[%clk 1:28:49]} 8. O-O {[%clk 1:21:40]} b5 {[%clk 1:28:26]} 9. Be2
{[%clk 1:19:28]} Bb7 {[%clk 1:25:26]} 10. a3 {[%clk 1:16:23]} Nbd7
{[%clk 1:22:21]} 11. b4 {[%clk 1:10:04]} Re8 {[%clk 1:19:05]} 12. Nbd2
{[%clk 1:10:03]} Nb6 {[%clk 1:13:04]} 13. Rc1 {[%clk 1:07:01]} Bd6
{[%clk 1:06:15]} 14. Qc2 {[%clk 0:59:25]} Nfd7 {[%clk 1:00:48]} 15. e4
{[%clk 0:51:26]} Rc8 {[%clk 0:56:53]} 16. Nb3 {[%clk 0:42:13]} Na4
{[%clk 0:49:46]} 17. Ba1 {[%clk 0:39:47]} Ba8 {[%clk 0:49:10]} 18. Nc5
{[%clk 0:36:40]} Naxc5 {[%clk 0:47:28]} 19. dxc5 {[%clk 0:32:09]} Bf4
{[%clk 0:42:29]} 20. Rcd1 {[%clk 0:31:00]} Qe7 {[%clk 0:42:24]} 21. a4
{[%clk 0:24:03]} bxa4 {[%clk 0:31:26]} 22. Bxa6 {[%clk 0:21:50]} Rb8
{[%clk 0:29:39]} 23. Qxa4 {[%clk 0:14:59]} Nf6 {[%clk 0:27:21]} 24. Bxf6
{[%clk 0:13:34]} gxf6 {[%clk 0:26:28]} 25. Rfe1 {[%clk 0:06:53]} f5
{[%clk 0:22:50]} 26. Bb5 {[%clk 0:02:54]} Red8 {[%clk 0:13:58]} 27. Bc6
{[%clk 0:02:05]} Rxd1 {[%clk 0:12:16]} 28. Rxd1 {[%clk 0:02:31]} Bxc6
{[%clk 0:12:04]} 29. Qxc6 {[%clk 0:03:00]} Rxb4 {[%clk 0:11:25]} 30. exf5
{[%clk 0:03:19]} exf5 {[%clk 0:06:17]} 31. g3 {[%clk 0:01:50]} Qe4
{[%clk 0:05:22]} 32. Qf6 {[%clk 0:00:53]} Bd6 {[%clk 0:02:14]} 33. Ng5
{[%clk 0:00:39]} Qe7 {[%clk 0:00:32]} 34. Qxf5 {[%clk 0:00:48]} Bxc5
{[%clk 0:00:32]} 35. Qxh7+ {[%clk 0:01:09]} 1-0